000 01061nam a2200253Ia 4500
003 OSt
005 20220923211422.0
006 a|||||r|||| 00| 0
007 ta
008 220922b |||||||| |||| 00| 0 hin d
020 _a9788193395240 (hbk)
_c1000
024 _a353,894
037 _bG-939/21-22, 28/12/2021, hinohar Publisher & Distributors
_cTextual
040 _aARTS
_cARTS
_bhin
041 _2hin
_ahin
082 _aV2:51xM56, 152R0
100 _aशास्त्री, के. एन., ले.
_9160426
245 0 _aलोकमान्य बाल गंगाधर तिलक
_b स्वतंत्रता सेनानी
246 _aLokamānya bāl gangādhar tilaka: svatantratā senānī
260 _aनई दिल्ली
_b अकादमिक लाइब्रेरी
_c2020
300 _a144पृ.
_ccm.
942 _hV2:51xM56, 152R0
_cTEXL
_2CC
999 _c299274
_d299274